| 000 | 01030nam a2200349 i 4500 | ||
|---|---|---|---|
| 005 | 20260322212058.0 | ||
| 008 | data | ||
| 010 | _a 75010181 | ||
| 020 |
_a0195019733 : _c{dollar}9.50 |
||
| 020 |
_a9780195019735 : _c{dollar}9.50 |
||
| 040 |
_aDLC _cNSbSU _dCtY _dOTMC _d*OCL* _dCtY |
||
| 050 | 0 |
_aHV6133 _b.G88 |
|
| 096 | _aWM 600 G993c 1976 | ||
| 100 | 1 |
_aGuze, Samuel B., _d1923- |
|
| 245 | 1 | 0 |
_aCriminality and psychiatric disorders / _cSamuel B. Guze. |
| 260 | 0 |
_aNew York : _bOxford University Press, _c1976. |
|
| 300 |
_aix, 181 p. ; _c22 cm. |
||
| 500 | _aIncludes index. | ||
| 504 | _aBibliography: p. 147-154. | ||
| 590 | _aBibliography: p. 147-154. | ||
| 590 | _aIncludes index. | ||
| 650 | 0 | _aCrime. | |
| 650 | 0 | _aCriminals. | |
| 650 | 0 | _aPsychology, Pathological. | |
| 650 | 0 | _aCriminal psychology. | |
| 650 | 0 |
_aPrisoners _zMissouri. |
|
| 650 | 2 | _aAntisocial Personality Disorder. | |
| 650 | 2 | _aCriminal Psychology. | |
| 650 | 2 | _aMental Health. | |
| 650 | 2 | _aSocial Behavior Disorders. | |
| 001 | data | ||
| 999 |
_c1398 _d1398 |
||